| 000 | 00833nam a22002057a 4500 | ||
|---|---|---|---|
| 003 | JO-AjAnu | ||
| 005 | 20240709104521.0 | ||
| 008 | 240708b jo ||||| |||| 00| 0 ara d | ||
| 040 |
_aJO-AjAnu _beng _cJO-AjAnu _erda |
||
| 041 |
_aeng _heng |
||
| 050 |
_aQA248 _b2024 |
||
| 100 | 1 |
_aHelael، Nouh Zeyad Mohammad _eprepared _966101 |
|
| 245 | 0 |
_aOperations on Atanassov's Intuitionistic Shadowed Sets with Application / _cPreparation Nouh Zeyad Mohammad Helael - Supervisor Abd Ulazeez Moh'd Jumah S. Alkouri |
|
| 260 | _c2024 | ||
| 300 | _a55 paper | ||
| 500 | _aUniversity thesis (Master’s thesis in mathematics), Ajloun National University (Ajloun, Jordan), College of Science, 2024 | ||
| 650 | 7 | 0 |
_aOperations on Atanassov's _966102 |
| 700 | 1 |
_aAbd Ulazaaz Moh'd Jumah S. Alkouri _eSupervisor _965097 |
|
| 942 |
_2lcc _cTHS _n0 |
||
| 999 |
_c33600 _d33600 |
||